000 00636nam a2200205Ia 4500
005 20250508165901.0
008 008 250505s9999 xx 000 0 eng d
020 _a978-1-107-54870-1
037 _aReference
040 _aFEDL
_beng
_cFEDL
041 _aeng
_2eng
084 _a371.3, WIL/RR
_qFEDL
100 _aWillis Jerry W Ed.
_9782302
245 0 _aConstructivist instructional design (C ID): Foundations, models and examples
260 _aCharlotte, NC
_bInformation Age Publishing, Inc.
_c2009
300 _axi, 515p.
365 _aUSD
_b45.99
942 _cREF
_h371.3, WIL/RR
999 _c1397993
_d1397993